Freshwater fishes of Egypt /

محفوظ في:

المؤلف الرئيسي: Bishai, Helmy M.

مؤلف مشترك: Egyptian Environmental Affairs Agency.

مؤلفون آخرون: Khalil, Magdy T. .

التنسيق: كتاب

اللغة: English

منشور في: Cairo, Egypt : Egyptian Environmental Affairs Agency, 1997.

سلاسل: Publication of National Biodiversity Unit ; 9.

الموضوعات:

الوسوم: إضافة وسم

لا توجد وسوم, كن أول من يضع وسما على هذه التسجيلة!

رقم الطلب: QL635 .E32 B26

LEADER 00795nam a22002417a 4500
003 OSt
005 20251124080859.0
008 251124t1997 ua fab 000 0 eng d
020 |a 977194181X 
040 |c ARCE Library 
050 1 4 |a QL635 .E32  |b B26 
100 1 |a Bishai, Helmy M. 
245 1 0 |a Freshwater fishes of Egypt /   |c by Helmy M. Bishai, Magdy T. Khalil. 
264 1 |a Cairo, Egypt :  |b Egyptian Environmental Affairs Agency,  |c 1997. 
300 |a 229 p., 16 p. of col. plates :  |b ill., col. map ;  |c 29 cm. 
490 0 |a Publication of National Biodiversity Unit ;   |v 9. 
650 0 |a Fishes -- Egypt. 
650 0 |a Pisces Freshwater Habitat Egypt. 
700 1 |a Khalil, Magdy T. . 
710 2 |a Egyptian Environmental Affairs Agency. 
901 |a reviewed 
942 |2 lcc  |c BK 
999 |c 48751  |d 48751